MARC

LEADER 00000nam0a2200000 4500
001 81535
005 20231101213158.0
035 |a (RuTPU)RU\TPU\book\87642 
090 |a 81535 
100 |a 20050921d1972 m y0rusy50 ca 
101 0 |a rus 
102 |a RU 
105 |a a j 001zy 
200 1 |a Прикладная аэродинамика  |e учебное пособие для авиационных вузов  |f А. К. Мартынов 
210 |a Москва  |c Машиностроение  |d 1972 
215 |a 447 с.  |c ил. 
320 |a Библиогр.: с. 443-444. 
606 1 |a Летательные аппараты  |x Аэродинамика  |2 stltpush  |3 (RuTPU)RU\TPU\subj\40063  |9 59938 
610 1 |a аэродинамика 
610 1 |a подобие 
610 1 |a аэродинамические эксперименты 
610 1 |a пограничный слой 
610 1 |a турбулентность 
610 1 |a тела вращения 
610 1 |a воздухозаборники 
610 1 |a учебные пособия 
610 1 |a законы 
675 |a 629.73.015.3(075.8)  |v 3 
700 1 |a Мартынов  |b А. К.  |g Аполлинарий Константинович 
801 1 |a RU  |b 63413507  |c 20050921  |g PSBO 
801 2 |a RU  |b 63413507  |c 20221110  |g PSBO 
942 |c BK